Carregando...
Finance of foreign trade
| Autor principal: | |
|---|---|
| Idioma: | English |
| Publicado em: |
1979
|
| Assuntos: |
| LEADER | 00471nam a2200157 a 4500 | ||
|---|---|---|---|
| 005 | 20151215124729.0 | ||
| 008 | 960221s1955 dcuabcdjdbkoqu001 0deng d | ||
| 003 | ViArRB | ||
| 082 | |a X:5-8D |b L9 | ||
| 100 | |a Whiting, D.P. |9 7833 | ||
| 245 | |a Finance of foreign trade | ||
| 653 | |a Finance of foreign trade | ||
| 942 | |c BK |6 _ | ||
| 260 | |c 1979 | ||
| 999 | |c 90684 |d 90684 | ||
| 952 | |0 0 |1 5 |2 ddc |4 0 |6 X58D_L9 |7 0 |9 113789 |a SMS |b SMS |c GEN |d 0000-00-00 |o X:5-8D L9 |p SMS012458 |r 2009-08-21 |w 2009-08-21 |y WR | ||